[Event "II Liga CS - Istok"]
[Site "Golubac"]
[Date "2008.10.18"]
[Round "9.1"]
[White "Govedarica, Radovan"]
[Black "Stojanovic, Zlatko"]
[Result "1-0"]
[WhiteElo "2399"]
[BlackElo "2270"]
[Annotator ",compaq"]
[PlyCount "72"]
[EventDate "2008.09.14"]

1. e4 e6 2. d4 d5 3. Nc3 dxe4 4. Nxe4 Nd7 5. g3 Ngf6 6. Nxf6+ Nxf6 7. Bg2 c5 8.
Nf3 Bd7 9. Ne5 Qb6 10. Nxd7 Nxd7 11. dxc5 Bxc5 12. O-O Ne5 13. c3 Rd8 14. Qa4+
Rd7 15. b4 Bxf2+ 16. Rxf2 Ng4 17. Qc2 O-O 18. Bf3 Nxf2 19. Qxf2 Qxf2+ 20. Kxf2
Rc8 21. Be3 Rxc3 22. Be2 Rc2 23. a4 a6 24. b5 axb5 25. axb5 f6 26. h4 Kf7 27.
b6 g6 28. Ra3 Kg7 29. Ke1 h6 30. Bb5 Rd5 31. Bd3 Rb2 32. Kf1 g5 33. hxg5 hxg5
34. Rc3 f5 35. Be2 Kg6 36. Rd3 Rdb5 {...necitko} 1-0

[Event "II Liga CS - Istok"]
[Site "Golubac"]
[Date "2008.10.18"]
[Round "9.1"]
[White "Nikolic, Zoran S"]
[Black "Dezelin, Milan"]
[Result "1/2-1/2"]
[WhiteElo "2202"]
[BlackElo "2318"]
[PlyCount "28"]
[EventDate "2008.09.14"]

1. e4 c5 2. Nf3 Nc6 3. d4 cxd4 4. Nxd4 g6 5. Nc3 Bg7 6. Be3 d6 7. Bc4 Nf6 8. f3
Qb6 9. Bb5 O-O 10. Nf5 Qa5 11. Nxg7 Kxg7 12. Qd2 Rd8 13. Bc4 Be6 14. Nd5 Qxd2+
1/2-1/2

[Event "II Liga CS - Istok"]
[Site "Golubac"]
[Date "2008.10.18"]
[Round "9.1"]
[White "Lapcevic, Milos"]
[Black "Batanjac, Aleksandar"]
[Result "1-0"]
[WhiteElo "2342"]
[BlackElo "2177"]
[PlyCount "79"]
[EventDate "2008.09.14"]

1. d4 e6 2. c4 Bb4+ 3. Nd2 f5 4. g3 Nf6 5. Bg2 O-O 6. Nh3 Nc6 7. e3 b6 8. O-O
Bxd2 9. Qxd2 Bb7 10. b3 Qc8 11. Bb2 Ne7 12. f3 d6 13. Rae1 Ng6 14. Nf4 Qd7 15.
Nxg6 hxg6 16. e4 Rae8 17. Rf2 Nh7 18. exf5 exf5 19. Rxe8 Rxe8 20. d5 Qe7 21.
Kf1 Qe3 22. Qxe3 Rxe3 23. Re2 Rxe2 24. Kxe2 Kf7 25. Ke3 Nf6 26. Kd4 Nd7 27. Bc1
Kf6 28. h4 Kf7 29. Bg5 Nf6 30. Bh3 Bc8 31. b4 Bd7 32. b5 Ke8 33. Kd3 Nh5 34. g4
fxg4 35. fxg4 Nf6 36. Bxf6 gxf6 37. Ke4 Kf7 38. Kf4 Kg7 39. h5 f5 40. gxf5 1-0

[Event "II Liga CS - Istok"]
[Site "Golubac"]
[Date "2008.10.18"]
[Round "9.1"]
[White "Marinkovic, Vojkan"]
[Black "Djokic, Nebojsa"]
[Result "0-1"]
[WhiteElo "2054"]
[BlackElo "2220"]
[PlyCount "84"]
[EventDate "2008.09.14"]

1. e4 c5 2. Nf3 Nc6 3. d4 cxd4 4. Nxd4 Nf6 5. Nc3 e5 6. Nb3 Bb4 7. Bd3 d5 8.
exd5 Nxd5 9. Bd2 Nxc3 10. bxc3 Be7 11. O-O O-O 12. f4 f5 13. fxe5 Nxe5 14. Qe2
Nxd3 15. cxd3 Bf6 16. d4 b6 17. Rae1 a5 18. Kh1 Kh8 19. Qf3 Ba6 20. Rg1 Qd7 21.
Nc1 Bc4 22. Qh3 Qd5 23. Nd3 Bxd3 24. Qxd3 Qxa2 25. Rb1 Qe6 26. Rb5 a4 27. Rxf5
a3 28. Rff1 a2 29. Ra1 Qb3 30. Rgc1 Ra4 31. Qc2 Qc4 32. Qe4 b5 33. Be3 Ra3 34.
h3 Rc8 35. Qf5 Re8 36. Bg1 Rea8 37. Qc2 Bg5 38. Rd1 b4 39. Qf5 b3 40. Qxg5 b2
41. d5 bxa1=Q 42. Rxa1 Qxc3 0-1

[Event "II Liga CS - Istok"]
[Site "Golubac"]
[Date "2008.10.18"]
[Round "9.1"]
[White "Madjar, Stanislav"]
[Black "Minic, Ivan"]
[Result "1/2-1/2"]
[WhiteElo "2205"]
[BlackElo "2096"]
[PlyCount "49"]
[EventDate "2008.09.14"]

1. c4 Nf6 2. Nc3 c5 3. g3 g6 4. Bg2 Bg7 5. Nf3 Nc6 6. O-O O-O 7. d4 cxd4 8.
Nxd4 Qb6 9. Nb3 d6 10. Be3 Qc7 11. c5 dxc5 12. Nxc5 Rd8 13. Qb3 e5 14. Nb5 Qe7
15. Rfd1 Bg4 16. Nc3 Nd4 17. Bxd4 exd4 18. Nxb7 dxc3 19. Nxd8 Rxd8 20. Qxc3 Rc8
21. Qd4 Qxe2 22. Re1 Qa6 23. Re7 Qb6 24. Qxb6 axb6 25. Rb7 1/2-1/2

[Event "II Liga CS - Istok"]
[Site "Golubac"]
[Date "2008.10.18"]
[Round "9.2"]
[White "Garic, Radomir"]
[Black "Biljanic, Ljubomir"]
[Result "1/2-1/2"]
[WhiteElo "2251"]
[BlackElo "2306"]
[PlyCount "27"]
[EventDate "2008.09.14"]

1. e4 e5 2. Nf3 Nc6 3. Nc3 d6 4. d4 Bg4 5. Bb5 exd4 6. Qxd4 a6 7. Bxc6+ bxc6 8.
Bg5 Qb8 9. Qc4 Qb7 10. Nd4 Bd7 11. a4 a5 12. O-O Be7 13. Bxe7 Nxe7 14. Ra3
1/2-1/2

[Event "II Liga CS - Istok"]
[Site "Golubac"]
[Date "2008.10.18"]
[Round "9.2"]
[White "Vulicevic, Bratimir"]
[Black "Stevic, Zarko"]
[Result "1/2-1/2"]
[WhiteElo "2150"]
[BlackElo "2290"]
[PlyCount "26"]
[EventDate "2008.09.14"]

1. d4 d5 2. Nf3 Nf6 3. c4 e6 4. Nc3 c6 5. e3 Be7 6. Bd3 O-O 7. O-O Nbd7 8. Qe2
Qc7 9. e4 dxe4 10. Nxe4 Nxe4 11. Qxe4 Nf6 12. Qh4 Qd8 13. Re1 Re8 1/2-1/2

[Event "II Liga CS - Istok"]
[Site "Golubac"]
[Date "2008.10.18"]
[Round "9.2"]
[White "Lazic, Milan"]
[Black "Djukic, Stevan"]
[Result "1-0"]
[WhiteElo "2094"]
[BlackElo "2205"]
[PlyCount "63"]
[EventDate "2008.09.14"]

1. Nf3 Nf6 2. g3 c6 3. c4 d6 4. d4 g6 5. Bg2 Bg7 6. O-O O-O 7. Nc3 Nbd7 8. e4
e5 9. Qc2 Qa5 10. Bd2 Qa6 11. b3 b5 12. cxb5 cxb5 13. dxe5 dxe5 14. a4 bxa4 15.
Rxa4 Qb7 16. Rb1 Nb6 17. Ra5 Qc7 18. Qa2 Bb7 19. Rc1 Rfc8 20. Nxe5 Qd8 21. Nc4
Nxc4 22. bxc4 Qd4 23. Nd5 Nxe4 24. Ne7+ Kh8 25. Be3 Qd8 26. Nxc8 Nc3 27. Qd2
Qxa5 28. Bxb7 Rb8 29. Nd6 Qa3 30. Kg2 Kg8 31. c5 Be5 32. Nc4 1-0

[Event "II Liga CS - Istok"]
[Site "Golubac"]
[Date "2008.10.18"]
[Round "9.3"]
[White "Stankovic, Ivan G"]
[Black "Rajkovic, Branislav"]
[Result "1/2-1/2"]
[WhiteElo "2025"]
[BlackElo "2212"]
[PlyCount "20"]
[EventDate "2008.09.14"]

1. d4 d5 2. Nf3 Nf6 3. c4 e6 4. Nc3 Be7 5. e3 O-O 6. Bd3 Nbd7 7. O-O c6 8. b3
Re8 9. Bb2 b6 10. Qc2 Bb7 1/2-1/2

[Event "II Liga CS - Istok"]
[Site "Golubac"]
[Date "2008.10.18"]
[Round "9.4"]
[White "Radosavljevic, Slobodan D"]
[Black "Denovic, Branislav"]
[Result "1-0"]
[WhiteElo "2267"]
[BlackElo "2135"]
[Annotator ",compaq"]
[PlyCount "79"]
[EventDate "2008.09.14"]

1. e4 e5 2. Nf3 Nc6 3. Bb5 a6 4. Ba4 Nf6 5. d4 exd4 6. O-O b5 7. Bb3 Be7 8. e5
Ng4 9. Bd5 Rb8 10. Bf4 g5 11. Nxg5 Ncxe5 12. Nxf7 Nxf7 13. Qxg4 Rf8 14. Re1 Rb6
15. Qg3 Nd6 16. Bf3 Nf7 17. Bxc7 Rg6 18. Bxd8 Kxd8 19. Rxe7 Rxg3 20. Rxf7 Rxf3
21. Rxf3 Re8 22. Nd2 Bb7 23. Kf1 d6 24. Re1 Rg8 25. Re4 Bxe4 26. Nxe4 Ke7 27.
Rd3 Ke6 28. Rxd4 Ke5 29. c3 a5 30. a3 Rc8 31. f4+ Ke6 32. Ke2 Rd8 33. Ke3 b4
34. cxb4 axb4 35. Rxb4 Rc8 36. Kd2 Rd8 37. Ke3 d5 38. Rb6+ Kf7 39. Nc5 h5 40.
Kd3 {...necitko} 1-0

[Event "II Liga CS - Istok"]
[Site "Golubac"]
[Date "2008.10.18"]
[Round "9.4"]
[White "Djuric, Ranko"]
[Black "Markovic, Milan D"]
[Result "0-1"]
[WhiteElo "2148"]
[BlackElo "2349"]
[PlyCount "99"]
[EventDate "2008.09.14"]

1. e4 c5 2. Nf3 g6 3. d4 cxd4 4. Qxd4 Nf6 5. e5 Nc6 6. Qh4 Nxe5 7. Nxe5 Qa5+ 8.
Nc3 Qxe5+ 9. Be2 Bg7 10. O-O O-O 11. Re1 Qc7 12. Bf3 d6 13. Bg5 Be6 14. Rad1
Rfe8 15. Nb5 Qxc2 16. Rc1 Qxb2 17. Nc7 Qxa2 18. Nxa8 Rxa8 19. Bxb7 Re8 20. Ra1
Qc4 21. Qxc4 Bxc4 22. Rxa7 h6 23. Be3 e5 24. Ra8 Rxa8 25. Bxa8 d5 26. Rc1 Ng4
27. Bd2 h5 28. h3 Nh6 29. Rb1 Nf5 30. Rb8+ Kh7 31. Rc8 Ba2 32. Rd8 Bf6 33. Rd7
d4 34. Bd5 Bxd5 35. Rxd5 e4 36. g4 hxg4 37. hxg4 Nh4 38. Bc1 Nf3+ 39. Kg2 d3
40. g5 Be5 41. Be3 Kg7 42. Kf1 Kf8 43. Bc5+ Kg8 44. Bb4 Bf4 45. Bc3 Bxg5 46.
Rb5 Bf4 47. Rb7 f5 48. Bf6 Bd2 49. Rc7 Bb4 50. Rc1 0-1

[Event "II Liga CS - Istok"]
[Site "Golubac"]
[Date "2008.10.18"]
[Round "9.4"]
[White "Popovic, Djordje D"]
[Black "Rolj, Petar"]
[Result "1-0"]
[WhiteElo "2270"]
[BlackElo "2061"]
[PlyCount "99"]
[EventDate "2008.09.14"]

1. d4 d5 2. c4 e6 3. Nc3 c6 4. Nf3 dxc4 5. g3 Bb4 6. Bg2 Ne7 7. O-O Bxc3 8.
bxc3 Nd5 9. Qc2 h6 10. Ne5 b5 11. a4 Bb7 12. Ba3 Nd7 13. Nxd7 Qxd7 14. e4 Ne7
15. f4 O-O 16. f5 exf5 17. exf5 f6 18. Qe4 Rfe8 19. Qe6+ Qxe6 20. fxe6 a6 21.
axb5 axb5 22. Bxe7 Rxa1 23. Rxa1 Rxe7 24. Ra7 Kf8 25. Kf2 g6 26. g4 Rc7 27. Be4
h5 28. h3 hxg4 29. hxg4 g5 30. Bg2 Re7 31. Bf3 Bc8 32. Rxe7 Kxe7 33. Bxc6 Bxe6
34. Bxb5 Bd5 35. Ke3 Kd6 36. Ba6 Kc7 37. Bb5 Kd6 38. Ba4 Ke6 39. Bc2 Kd6 40.
Bd1 Be6 41. Ke4 Bd5+ 42. Ke3 Bg8 43. Be2 Kc6 44. Bf3+ Kd6 45. Be4 Kc7 46. d5
Kb6 47. Kd4 Kb5 48. Bf5 Bf7 49. Bd7+ Kb6 50. Kxc4 1-0

[Event "II Liga CS - Istok"]
[Site "Golubac"]
[Date "2008.10.18"]
[Round "9.4"]
[White "Jovic, Dusan"]
[Black "Illijin, Neboisa"]
[Result "1/2-1/2"]
[WhiteElo "2150"]
[BlackElo "2277"]
[PlyCount "79"]
[EventDate "2008.09.14"]

1. e4 c5 2. Nf3 e6 3. c3 d5 4. e5 Nc6 5. d4 Qb6 6. Be2 Bd7 7. O-O a6 8. h3 Rc8
9. a3 c4 10. Qc2 Na5 11. Nbd2 Ne7 12. Rb1 h6 13. Re1 Nb3 14. Nxb3 Ba4 15. Qd2
Bxb3 16. Bd1 Nc6 17. Bxb3 Qxb3 18. Ra1 Na5 19. Qd1 Be7 20. Be3 Rc6 21. Qxb3
Nxb3 22. Rad1 Kd7 23. g4 Rhc8 24. Kg2 b5 25. Kg3 a5 26. Nd2 Nxd2 27. Bxd2 h5
28. Rb1 Rb8 29. Rec1 Rcc8 30. f3 Rh8 31. f4 g6 32. Kg2 Rh7 33. Rf1 hxg4 34.
hxg4 Rbh8 35. Rh1 Rxh1 36. Rxh1 Rxh1 37. Kxh1 b4 38. a4 b3 39. Kg2 Ke8 40. g5
1/2-1/2

[Event "II Liga CS - Istok"]
[Site "Golubac"]
[Date "2008.10.18"]
[Round "9.5"]
[White "Zlatanovic, Zoran"]
[Black "Kostic, Nebojsa"]
[Result "1/2-1/2"]
[WhiteElo "2203"]
[BlackElo "2315"]
[PlyCount "40"]
[EventDate "2008.09.14"]

1. e4 d6 2. d4 Nf6 3. Nc3 c6 4. a4 Qa5 5. Bd2 e5 6. d5 Qc7 7. h3 Be7 8. g3 O-O
9. Bg2 cxd5 10. exd5 Bf5 11. Nf3 Ne4 12. Nb5 Qc8 13. Be3 a6 14. Na3 h6 15. Nd2
Nxd2 16. Qxd2 Nd7 17. O-O Nc5 18. Nc4 Nd7 19. Qb4 Qc7 20. Ra3 Rfc8 1/2-1/2

[Event "II Liga CS - Istok"]
[Site "Golubac"]
[Date "2008.10.18"]
[Round "9.5"]
[White "Tosic, Branislav"]
[Black "Djokic, Vladan"]
[Result "1/2-1/2"]
[WhiteElo "2194"]
[BlackElo "2284"]
[PlyCount "35"]
[EventDate "2008.09.14"]

1. d4 Nf6 2. Nf3 e6 3. c4 c5 4. Nc3 cxd4 5. Nxd4 a6 6. e3 Qc7 7. Be2 d6 8. O-O
Nbd7 9. b3 Be7 10. Bb2 O-O 11. Rc1 Re8 12. Re1 b6 13. Bf3 Bb7 14. Bxb7 Qxb7 15.
Qf3 Qxf3 16. Nxf3 Nc5 17. Red1 Red8 18. Ba3 1/2-1/2

[Event "II Liga CS - Istok"]
[Site "Golubac"]
[Date "2008.10.18"]
[Round "9.5"]
[White "Stojanovic, Jovica M"]
[Black "Keca, Dragomir"]
[Result "1/2-1/2"]
[WhiteElo "1934"]
[BlackElo "2202"]
[PlyCount "22"]
[EventDate "2008.09.14"]

1. e4 c6 2. d3 d5 3. Nd2 e5 4. Ngf3 Nd7 5. g3 Ngf6 6. Bg2 dxe4 7. dxe4 Bc5 8.
O-O O-O 9. Qe2 Qc7 10. a4 a5 11. h3 b6 1/2-1/2

[Event "II Liga CS - Istok"]
[Site "Golubac"]
[Date "2008.10.18"]
[Round "9.6"]
[White "Raicevic, Ivica"]
[Black "Kraguljac, Pero"]
[Result "1/2-1/2"]
[WhiteElo "2303"]
[BlackElo "2207"]
[PlyCount "40"]
[EventDate "2008.09.14"]

1. c4 Nf6 2. Nc3 d6 3. Nf3 e5 4. d4 Nbd7 5. g3 Be7 6. Bg2 O-O 7. O-O c6 8. Qc2
Re8 9. Rd1 Qc7 10. b3 Bf8 11. e4 a6 12. Bb2 b5 13. cxb5 cxb5 14. Rac1 Bb7 15.
d5 Rac8 16. Qd2 Qb6 17. Ne1 g6 18. Nd3 a5 19. h3 b4 20. Na4 Qa7 1/2-1/2

[Event "II Liga CS - Istok"]
[Site "Golubac"]
[Date "2008.10.18"]
[Round "9.6"]
[White "Milovanovic, Srboljub"]
[Black "Dmitrovic, Tomislav"]
[Result "0-1"]
[WhiteElo "2229"]
[BlackElo "2272"]
[PlyCount "60"]
[EventDate "2008.09.14"]

1. d4 f5 2. g3 Nf6 3. Bg2 g6 4. Nc3 d5 5. Bg5 c6 6. Bxf6 exf6 7. e3 Bd6 8. h4
Be6 9. Qd2 Nd7 10. O-O-O b5 11. Kb1 a5 12. Ka1 Nb6 13. Bf1 Qe7 14. Rb1 O-O 15.
Bd3 a4 16. Nce2 b4 17. c3 Rfb8 18. Nf4 Bf7 19. Nf3 b3 20. Qd1 Nc4 21. Bxc4 dxc4
22. Re1 a3 23. bxa3 Bxa3 24. Re2 b2+ 25. Rexb2 Bxb2+ 26. Rxb2 Rxb2 27. Kxb2
Qa3+ 28. Kc2 Qxa2+ 29. Kc1 Rb8 30. Qc2 Qa1+ 0-1

[Event "II Liga CS - Istok"]
[Site "Golubac"]
[Date "2008.10.18"]
[Round "9.6"]
[White "Zafirovski, Mite"]
[Black "Petrovic, Dragan R"]
[Result "1/2-1/2"]
[WhiteElo "2270"]
[BlackElo "2189"]
[PlyCount "33"]
[EventDate "2008.09.14"]

1. d4 Nf6 2. c4 g6 3. g3 Bg7 4. Bg2 O-O 5. Nc3 d6 6. Nf3 Nc6 7. O-O e5 8. d5
Na5 9. Nd2 c5 10. e4 Ng4 11. h3 Nh6 12. b3 f5 13. exf5 gxf5 14. Bb2 b6 15. Qc2
Nb7 16. Rae1 Bd7 17. f4 1/2-1/2

[Event "II Liga CS - Istok"]
[Site "Golubac"]
[Date "2008.10.18"]
[Round "9.6"]
[White "Zivkovic, Nemanja"]
[Black "Maksimovic, Boban"]
[Result "1-0"]
[WhiteElo "2072"]
[BlackElo "2186"]
[PlyCount "87"]
[EventDate "2008.09.14"]

1. e4 e6 2. d4 d5 3. Nd2 Nf6 4. e5 Nfd7 5. Bd3 c5 6. c3 Nc6 7. Ne2 cxd4 8. cxd4
Qb6 9. Nf3 Bb4+ 10. Bd2 Bxd2+ 11. Qxd2 Qb4 12. Rc1 Qxd2+ 13. Nxd2 Nb6 14. f4
Bd7 15. Kf2 O-O 16. a3 Rac8 17. Nb3 f6 18. Ke3 Na4 19. Nc5 Nxc5 20. Rxc5 fxe5
21. dxe5 b6 22. Rc3 Na5 23. Rhc1 Rxc3 24. Rxc3 Rc8 25. Rxc8+ Bxc8 26. b4 Nc6
27. Bb5 Bd7 28. Bxc6 Bxc6 29. Nd4 Bd7 30. f5 Kf7 31. g4 exf5 32. gxf5 Be8 33.
b5 g6 34. f6 Bd7 35. Nc6 a6 36. a4 axb5 37. axb5 g5 38. Kd4 g4 39. Kxd5 h5 40.
Kd6 Be8 41. Nd8+ Kf8 42. Ne6+ Kf7 43. Ng5+ Kf8 44. f7 1-0

[Event "II Liga CS - Istok"]
[Site "Golubac"]
[Date "2008.10.18"]
[Round "9.6"]
[White "Bura, Goran"]
[Black "Trickovic, Vladimir"]
[Result "1/2-1/2"]
[WhiteElo "2152"]
[BlackElo "1946"]
[PlyCount "60"]
[EventDate "2008.09.14"]

1. e4 c5 2. Nc3 d6 3. Bb5+ Bd7 4. Bxd7+ Qxd7 5. f4 Nc6 6. Nf3 g6 7. O-O Bg7 8.
d3 e6 9. Qe1 Nge7 10. Be3 b6 11. Rb1 Rc8 12. Ne2 d5 13. Qf2 c4 14. Ned4 cxd3
15. cxd3 O-O 16. e5 Nxd4 17. Nxd4 Qa4 18. b3 Qa6 19. a4 Qxd3 20. Rfd1 Qa6 21.
Rbc1 Rxc1 22. Bxc1 Rc8 23. Nb5 Bf8 24. Ba3 Nc6 25. Bxf8 Rxf8 26. Rc1 Ne7 27.
Rc7 Rc8 28. Qc2 Rxc7 29. Qxc7 Qa5 30. h3 Qe1+ 1/2-1/2

[Event "II Liga CS - Istok"]
[Site "Golubac"]
[Date "2008.10.18"]
[Round "9.6"]
[White "Stankovic, Darko"]
[Black "Lalovic, Srecko"]
[Result "0-1"]
[WhiteElo "1975"]
[BlackElo "2219"]
[PlyCount "144"]
[EventDate "2008.09.14"]

1. c4 Nf6 2. Nc3 e6 3. g3 d5 4. cxd5 exd5 5. d4 h6 6. Bg2 c6 7. Bf4 Bd6 8. Qd2
Bf5 9. Nf3 Na6 10. O-O O-O 11. Rfe1 Re8 12. Ne5 Ne4 13. Nxe4 Bxe4 14. Bxe4 dxe4
15. Qc3 Bb4 16. Qc4 Qd5 17. Qxd5 cxd5 18. Rec1 Bd6 19. h4 Rac8 20. Ng6 Rcd8 21.
Bxd6 Rxd6 22. Ne5 h5 23. Rc3 g6 24. g4 hxg4 25. Nxg4 Kg7 26. Rac1 Rh8 27. Rh3
Rd7 28. Rcc3 Nc7 29. Ne5 Re7 30. Rcg3 Ne6 31. e3 Rc7 32. h5 g5 33. f3 f6 34.
Ng4 f5 35. h6+ Kg6 36. Ne5+ Kf6 37. fxe4 dxe4 38. Rg2 Rch7 39. Rf2 f4 40. exf4
gxf4 41. d5 Rg8+ 42. Kf1 Kxe5 43. dxe6 e3 44. Rc2 Kxe6 45. Rc5 Rg6 46. Rch5 Kf6
47. R3h4 Rg3 48. Rxf4+ Kg6 49. Re5 Rc7 50. Rfe4 Rc1+ 51. Ke2 Kxh6 52. Rxe3 Rc2+
53. Kd3 Rxe3+ 54. Kxe3 Rxb2 55. Ra5 a6 56. Kd4 Kg6 57. Kc3 Rb6 58. Rd5 Kf6 59.
Rh5 Ke7 60. a3 Kd7 61. Kc4 Kc7 62. Rh7+ Kb8 63. Rg7 Ka7 64. Rg5 Rb1 65. Rg6 a5
66. Rg3 Ka6 67. Rb3 b5+ 68. Kc3 Rxb3+ 69. Kxb3 Kb6 70. Kc3 Kc5 71. Kb3 Kd4 72.
Kc2 Kc4 0-1